000 00844nam a2200253 a 4500
008
020 _a0803958269 (pbk.)
049 _aMAIN
090 _aHQ784
_bTUN
245 0 0 _aTuning in to young viewers :
_bsocial science perspectives on television /
_cedited by Tannis M. MacBeth.
260 _aThousand Oaks :
_bSage Publications,
_cc1996.
300 _a282 p. :
_bill. ;
_c23 cm.
500 _aIncludes index.
504 _aIncludes bibliographical references.
650 0 _aTelevision and children
_zUnited States.
650 0 _aTelevision
_xSocial aspects
_zUnited States.
650 0 _aChild psychology
_zUnited States.
700 1 _aMacBeth, Tannis M.
907 _a.b10151862
_b15-11-13
_c11-02-05
003
005 20230123133924.0
040 _cNUST
942 _cBOOKS
_kHQ784
_mTUN
999 _c156936
_d156936